| 000 -LEADER |
| fixed length control field |
00484nam a2200217Ia 4500 |
| 001 - CONTROL NUMBER |
| control field |
13690 |
| 003 - CONTROL NUMBER IDENTIFIER |
| control field |
GE_BSU |
| 008 - FIXED-LENGTH DATA ELEMENTS--GENERAL INFORMATION |
| fixed length control field |
181216s||||||||xx |||||||||||||| ||und|| |
| 020 ## - INTERNATIONAL STANDARD BOOK NUMBER |
| International Standard Book Number |
0747203776 |
| 040 ## - CATALOGING SOURCE |
| Transcribing agency |
GE_BSU |
| 080 ## - UNIVERSAL DECIMAL CLASSIFICATION NUMBER |
| Universal Decimal Classification number |
59 |
| 100 ## - MAIN ENTRY--PERSONAL NAME |
| Personal name |
Lawley,Lisa. |
| 245 ## - TITLE STATEMENT |
| Title |
Elephants.A battle for survival. |
| 260 ## - PUBLICATION, DISTRIBUTION, ETC. |
| Place of publication, distribution, etc. |
London. |
| 260 ## - PUBLICATION, DISTRIBUTION, ETC. |
| Name of publisher, distributor, etc. |
Headline book. |
| 260 ## - PUBLICATION, DISTRIBUTION, ETC. |
| Date of publication, distribution, etc. |
1991 |
| 300 ## - PHYSICAL DESCRIPTION |
| Extent |
128p;35cm. |
| 300 ## - PHYSICAL DESCRIPTION |
| Other physical details |
ill. |
| 653 ## - INDEX TERM--UNCONTROLLED |
| Uncontrolled term |
Elephants.A battle for survival. |
| 942 ## - ADDED ENTRY ELEMENTS (KOHA) |
| Koha item type |
წიგნი |